| 000 | 00744nam a2200253Ia 4500 | ||
|---|---|---|---|
| 003 | OSt | ||
| 005 | 20220923211656.0 | ||
| 006 | a|||||r|||| 00| 0 | ||
| 007 | ta | ||
| 008 | Pun | ||
| 024 | _a42,276 | ||
| 037 | _cTextual | ||
| 040 |
_aARTS _cARTS _bPun |
||
| 041 |
_2Pun _aPun |
||
| 082 | _aO153,1M72,MH, 152K9 | ||
| 100 | _aवीर सिंघ | ||
| 245 | 0 | _aमटक हिलोरें | |
| 246 | _aMaṭak hilorean | ||
| 260 |
_aनई दिल्ली _b भाई वीर सिंघ साहित्य सदन _c1969 |
||
| 300 |
_a99पृ0 _ccm. |
||
| 650 | _aपंजाबी निबंध | ||
| 942 |
_hO153,1M72,MH, 152K9 _cTEXL _2CC |
||
| 999 |
_c302482 _d302482 |
||